Petroleum refining : (Record no. 7949)
[ view plain ]
| 000 -LEADER | |
|---|---|
| fixed length control field | 01146nac a22003135a 4500 |
| 005 - DATE AND TIME OF LATEST TRANSACTION | |
| control field | 20150916141414.0 |
| 008 - FIXED-LENGTH DATA ELEMENTS--GENERAL INFORMATION | |
| fixed length control field | 090226t2007 flua fr 001 0 eng d |
| 010 ## - LIBRARY OF CONGRESS CONTROL NUMBER | |
| LC control number | 2006027841 |
| 020 ## - INTERNATIONAL STANDARD BOOK NUMBER | |
| International Standard Book Number | 0849370388 (acid-free paper) |
| 020 ## - INTERNATIONAL STANDARD BOOK NUMBER | |
| International Standard Book Number | 9780849370380 (acid-free paper) |
| 035 ## - SYSTEM CONTROL NUMBER | |
| System control number | (OCoLC)ocm71243846 |
| 035 ## - SYSTEM CONTROL NUMBER | |
| System control number | (OCoLC)71243846 |
| 040 ## - CATALOGING SOURCE | |
| Original cataloging agency | EG-ScBUE |
| Language of cataloging | eng |
| Transcribing agency | EG-ScBUE |
| 082 04 - DEWEY DECIMAL CLASSIFICATION NUMBER | |
| Classification number | 665.53 |
| Item number | GAR |
| Edition number | 22 |
| 100 1# - MAIN ENTRY--PERSONAL NAME | |
| Personal name | Gary, James H., |
| 9 (RLIN) | 5705 |
| 245 10 - TITLE STATEMENT | |
| Title | Petroleum refining : |
| Remainder of title | technology and economics / |
| Statement of responsibility, etc | James H. Gary, Glenn E. Handwerk, Mark J. Kaiser. |
| 250 ## - EDITION STATEMENT | |
| Edition statement | 5th ed. |
| 260 ## - PUBLICATION, DISTRIBUTION, ETC. (IMPRINT) | |
| Place of publication, distribution, etc | Boca Raton : |
| Name of publisher, distributor, etc | Taylor & Francis/CRC Press, |
| Date of publication, distribution, etc | c.2007. |
| 300 ## - PHYSICAL DESCRIPTION | |
| Extent | xix, 465 p. : |
| Other physical details | ill. ; |
| Dimensions | 25 cm. |
| 500 ## - GENERAL NOTE | |
| General note | Index : p. 451-463. |
| 650 #0 - SUBJECT ADDED ENTRY--TOPICAL TERM | |
| Topical term or geographic name as entry element | Petroleum |
| General subdivision | Refining. |
| 9 (RLIN) | 5706 |
| Source of heading or term | BUEsh |
| 651 ## - SUBJECT ADDED ENTRY--GEOGRAPHIC NAME | |
| Source of heading or term | BUEsh |
| 653 ## - INDEX TERM--UNCONTROLLED | |
| Resource For college | Engineering, Petroleum |
| Arrived date list | August2015 |
| 700 1# - ADDED ENTRY--PERSONAL NAME | |
| Personal name | Handwerk, Glenn E. |
| 9 (RLIN) | 5707 |
| 700 1# - ADDED ENTRY--PERSONAL NAME | |
| Personal name | Kaiser, Mark J. |
| 9 (RLIN) | 5708 |
| 856 41 - ELECTRONIC LOCATION AND ACCESS | |
| Materials specified | Table of contents only |
| Uniform Resource Identifier | <a href="http://www.loc.gov/catdir/toc/ecip0620/2006027841.html">http://www.loc.gov/catdir/toc/ecip0620/2006027841.html</a> |
| 856 41 - ELECTRONIC LOCATION AND ACCESS | |
| Materials specified | Publisher description |
| Uniform Resource Identifier | <a href="http://www.loc.gov/catdir/enhancements/fy0702/2006027841-d.html">http://www.loc.gov/catdir/enhancements/fy0702/2006027841-d.html</a> |
| 942 ## - ADDED ENTRY ELEMENTS (KOHA) | |
| Item type | Book - Borrowing |
| Source of classification or shelving scheme | Dewey Decimal Classification |
| Withdrawn status | Item status | Source of classification or shelving scheme | Damaged status | Not for loan | Vendor | Home library | Current library | Shelving location | Date acquired | Source of acquisition | Cost, normal purchase price | Total Checkouts | Full call number | Barcode | Date last seen | Koha item type | Serial Enumeration / chronology | Total Renewals | Date last borrowed |
|---|---|---|---|---|---|---|---|---|---|---|---|---|---|---|---|---|---|---|---|
| Dewey Decimal Classification | Alahram | Central Library | Central Library | First floor | 08/02/2014 | 473.00 | 1 | 665.53 GAR | 000009718 | 15/07/2025 | Book - Borrowing | ||||||||
| Dewey Decimal Classification | Iqraa | Central Library | Central Library | First floor | 26/02/2009 | 473.00 | 4 | 665.53 GAR | 000014975 | 15/07/2025 | Book - Borrowing | 1393 | 6 | 22/11/2018 | |||||
| Dewey Decimal Classification | Alahram | Central Library | Central Library | First floor | 31/05/2009 | 473.00 | 1 | 665.53 GAR | 000016424 | 15/07/2025 | Book - Borrowing | 352 | 34 | 26/09/2018 |